000 00932nam a2200253 i 4500
001 186722
003 ES-MaACL
005 20260223132120.0
008 170209s1909 sp |||| | spa d
080 _a821.134.2-32"18"
100 1 _aFrancos Rodríguez, José,
_d1862-1931
_952286
245 1 0 _aEl primer actor :
_bnovela /
_cde José Francos Rodríguez ; ilustraciones de Pedrero.
260 _aMadrid :
_bLos Contemporáneos,
_c1909.
300 _a[20] p. :
_bil. ;
_c28 cm.
490 1 _aLos contemporáneos ;
_vaño 1 ;
_v42
530 _aDisponible en formato digital.
597 _aTexto a dos columnas.
700 1 _aPedrero, Mariano,
_d1865-1927
_989908
830 1 _aLos contemporáneos ;
_vaño 1 ;
_v42
_9185715
852 _aES-MaACL
_jR-2597(13)
_cDEPO1
856 4 _uhttp://bdh-rd.bne.es/viewer.vm?id=0000258376&page=1
_yBiblioteca Digital Hispánica
942 _2udc
999 _c186722
_d186722